00469nam a2200145Ia 4500008004100000020001800041041000800059082001600067100002200083245013400105250000600239260003300245300001400278650003100292210716s2007 xx 000 0 und d a9788126508044 aeng a003.55 MARJ aMarchewka Jack T. aInformation technology project management: providing measurable organizational value.bProviding measurable organizational value. a2 aNew DelhibWiley Indiac2007 aXXIII,374 aInformation Theory(003.54)